000 01021nam a2200253Ia 4500
999 _c36314
_d36314
001 2221
003 GE_BSU
005 20190520161050.0
008 181216s1976||||ge |||||||||||||| ||geo||
040 _cGE_BSU
041 _ageo
080 _a016:94(479.22) ჯ-20
245 _bბიობიბლიოგრაფია /
_aსიმონ ჯანაშია (1900-1947) :
_cშემდგ.: მ. ბარკავა, ე. დოლიძე.
260 _aთბილისი
260 _bმეცნიერება
260 _c1978
300 _a154 გვ.;
_b20 სმ.
653 _aჯანაშია სიმონ - ბიობიბლიოგრაფია
653 _aისტორიული ლიტერატურა
653 _aბიობიბლიოგრაფია
700 _aბარკავა, მ.
_eშემდგენელი
_91426
700 _aდოლიძე, ე.
_eშემდგენელი
_91427
942 _cBK
_2udc